[Event "GER-chT U18 Girls"]
[Site "Germany"]
[Date "2011.05.13"]
[Round "2.2"]
[White "Haerter, Maja"]
[Black "Tworek, Kristina"]
[Result "1/2-1/2"]
[WhiteElo "763"]
[BlackElo "800"]
[PlyCount "59"]
[EventDate "2011.05.13"]
[EventType "team-swiss"]
[EventRounds "7"]
[EventCountry "GER"]
[SourceTitle "EXT 2012"]
[Source "ChessBase"]
[SourceDate "2011.11.24"]
[SourceVersion "1"]
[SourceVersionDate "2011.11.24"]
[SourceQuality "1"]
[WhiteTeam "Neuenburg Gymn (W)"]
[BlackTeam "Carolinum Gymn (W)"]
[WhiteTeamCountry "GER"]
[BlackTeamCountry "GER"]

1. e4 e5 2. Nf3 Nc6 3. Bc4 d6 4. 0-0 a6 5. d3 h6 6. h3 Nf6 7. Nc3 Be7 8. Be3 0-0 9. d4 Na5 10. b3 Be6 11. Bxe6 fxe6 12. dxe5 Nh5 13. g4 dxe5 14. gxh5 Qxd1 15. Raxd1 Rxf3 16. Kg2 Rf7 17. Ne2 c5 18. f4 c4 19. Bd2 Nc6 20. bxc4 Bb4 21. c3 Ba5 22. f5 exf5 23. Rxf5 Rxf5 24. exf5 e4 25. Kf2 Re8 26. Rg1 Bb6+ 27. Be3 Bd8 28. Bxh6 Kh7 29. Bg5 Ne7 30. f6 1/2-1/2